Resource units in NCM 100-105 with clinical focus / (Record no. 284703)
[ view plain ]
| 000 -LEADER | |
|---|---|
| fixed length control field | 00573nam a22001577a 4500 |
| 003 - CONTROL NUMBER IDENTIFIER | |
| control field | PILC |
| 005 - DATE AND TIME OF LATEST TRANSACTION | |
| control field | 20150905094755.0 |
| 008 - FIXED-LENGTH DATA ELEMENTS--GENERAL INFORMATION | |
| fixed length control field | 150604b xxu||||| |||| 00| 0 eng d |
| 050 ## - LIBRARY OF CONGRESS CALL NUMBER | |
| Classification number | RT 41 |
| Item number | .R434 2004 |
| 245 ## - TITLE STATEMENT | |
| Title | Resource units in NCM 100-105 with clinical focus / |
| Statement of responsibility, etc | edited ny Carmelita C. Divinagracia, Leonora N. Reyes. |
| 260 ## - PUBLICATION, DISTRIBUTION, ETC. (IMPRINT) | |
| Place of publication, distribution, etc | Manila : |
| Name of publisher, distributor, etc | Association of Deans of Philippine Colleges of Nursing (ADPCN), |
| Date of publication, distribution, etc | 2004. |
| 300 ## - PHYSICAL DESCRIPTION | |
| Extent | v, 191 pages : |
| Other physical details | illustrations, |
| Dimensions | 22 cm. |
| 500 ## - GENERAL NOTE | |
| General note | Includes bibliographical references. |
| 650 ## - SUBJECT ADDED ENTRY--TOPICAL TERM | |
| Topical term or geographic name as entry element | Nursing. |
| 942 ## - ADDED ENTRY ELEMENTS (KOHA) | |
| Source of classification or shelving scheme | Library of Congress Classification |
| Koha item type | Books |
| Call number prefix | Local |
| Withdrawn status | Lost status | Source of classification or shelving scheme | Damaged status | Home library | Current library | Shelving location | Date acquired | Source of acquisition | Sub Shelving location | Total Checkouts | Full call number | Barcode | Date last seen | Price effective from | Koha item type |
|---|---|---|---|---|---|---|---|---|---|---|---|---|---|---|---|
| Library of Congress Classification | College Library | College Library | Filipiniana Section | 06/04/2015 | Library Fund | RT 41 .R434 2004 | C19545 | 05/08/2018 | 06/04/2015 | Books | |||||
| Library of Congress Classification | College Library | College Library | Filipiniana Section | 06/04/2015 | Library Fund | RT 41 .R434 2004 | C19546 | 05/08/2018 | 06/04/2015 | Books |